The Autonomy of Slovakia's Central Bank - the Main Challenges

Prehľad rôznych prístupov k meraniu nezávislosti centrálnych bánk od vládnej moci: fixný prístup (pevné váhy), metóda stupnice váh, variabilné váhy (Sergiho index). Politický a ekonomický index nezávislosti centrálnej banky. Politická a ekonomická nezávislosť NBS.

Gespeichert in:
Bibliographische Detailangaben
1. Verfasser: Kubicová, Jana, 1961-
Weitere Verfasser: Sergi, Bruno S.
Format: Buchkapitel
Sprache:Englisch
Schlagworte:
Tags: Tag hinzufügen
Keine Tags, Fügen Sie das erste Tag hinzu!

MARC

LEADER 00000nla$a2200000$$$4500
001 0098393
005 20240612092614.2
041 0 |a eng 
044 |a SK 
245 1 0 |a The Autonomy of Slovakia's Central Bank - the Main Challenges  |c Jana Kubicová, Bruno S. Sergi 
520 |a Prehľad rôznych prístupov k meraniu nezávislosti centrálnych bánk od vládnej moci: fixný prístup (pevné váhy), metóda stupnice váh, variabilné váhy (Sergiho index). Politický a ekonomický index nezávislosti centrálnej banky. Politická a ekonomická nezávislosť NBS. 
610 2 0 |a banky centrálne 
610 2 0 |a nezávislosť 
610 2 0 |a vláda 
610 2 0 |a Európska únia 
610 2 0 |a Slovensko 
610 2 0 |a nezávislosť hospodárska 
100 1 |a Kubicová, Jana, 1961- 
700 1 |a Sergi, Bruno S.